Provinzen Chinas - Karten Quiz - Statistiken

Allgemein
  • Dieses Quiz wurde 305 mal gespielt
  • Das Durchschnittsergebnis liegt bei 12 aus 32
Antworten auf der Karte
Die Antworten werden auf der Karte rot bzw. grün angezeigt, abhängig davon wie oft sie richtig erraten wurden.
 
Antwortstatistiken
Antwort % Korrekt
Tibet
72%
Hong Kong / Macao
66%
Innere Mongolei
65%
Beijing / Peking
60%
Xinjiang
58%
Shanghai
54%
Hainan
53%
Sichuan
48%
Tianjin
45%
Guangdong
43%
Yunnan
43%
Chongqing
39%
Fujian
39%
Guangxi
36%
Shaanxi
34%
Hebei
33%
Heilongjiang
33%
Liaoning
30%
Ningxia
30%
Anhui
29%
Gansu
29%
Hubei
29%
Shandong
29%
Jilin
28%
Qinghai
28%
Shanxi
27%
Hunan
25%
Guizhou
24%
Henan
24%
Jiangsu
24%
Zhejiang
24%
Jiangxi
22%
Keine übereinstimmenden Quizze gefunden
Verteilung der Resultate
Anzahl Personen mit jedem Resultat
Perzentil nach korrekt beantworteten Fragen
Ihre Resultats-Entwicklung
Sie haben dieses Quiz noch nicht gespielt